Normal view
MARC view
Entry Topical Term
001 - CONTROL NUMBER
- control field: 237972
003 - CONTROL NUMBER IDENTIFIER
- control field: OSt
005 - DATE AND TIME OF LATEST TRANSACTION
- control field: 20250830100619.0
008 - FIXED-LENGTH DATA ELEMENTS
- fixed length control field: 250830|| aca||aabn | a|a d
040 ## - CATALOGING SOURCE
- Original cataloging agency: OSt
- Transcribing agency: OSt
150 ## - HEADING--TOPICAL TERM
- Topical term or geographic name entry element: Sangitha
670 ## - SOURCE DATA FOUND
- Source citation: Work cat.: (OSt)105254: SASTRI (B V K), Ed. ಶಾಸ್ತ್ರಿ (ಬಿ ವಿ ಕೆ) 237970, Ganakala manjari. samputa -2, 1998